Statistics for Iran Country Quiz

Click here to take the quiz!

General Stats

  • This quiz has been taken 22,427 times
    (15,348 since last reset)
  • The average score is 12 of 20

Answer Stats

HintAnswer% Correct
Capital cityTehran
98%
Most important exportOil
92%
Official languagePersian
92%
Country that Iran fought a terrible war
against from 1980-1988
Iraq
89%
Official branch of IslamShia
86%
Sea that borders Iran
to the north
Caspian Sea
83%
Title of the Iranian ruler
who was overthrown in 1979
Shah
71%
Religious title of the aboveAyatollah
67%
Kings of ancient Persia called "The Great"Xerxes
67%
Iran is the only non-African country with
a native population of this big cat
Cheetah
64%
Leader of the 1979 revolutionRuhollah Khomeini
60%
Kings of ancient Persia called "The Great"Darius
51%
Strait between the Persian Gulf
and Gulf of Oman
Strait of {Hormuz}
50%
Kings of ancient Persia
called "The Great"
Cyrus
44%
Prophet also called ZarathustraZoroaster
38%
Currency of IranRial
35%
What that leader called the U.S.The Great {Satan}
34%
National sportFreestyle Wrestling
34%
Most of Iran is located in this regionIranian {Plateau}
31%
Mountain range starting with ZZagros
22%

Score Distribution

Percentile by Number Answered

Percent of People with Each Score

Your Score History

You have not taken this quiz since the last reset